| 000 | 00579nam a2200229Ia 4500 | ||
|---|---|---|---|
| 003 | OSt | ||
| 005 | 20220923211951.0 | ||
| 006 | a|||||r|||| 00| 0 | ||
| 007 | ta | ||
| 008 | 220922b |||||||| |||| 00| 0 san d | ||
| 024 | _a75,761 | ||
| 037 | _cTextual | ||
| 040 |
_aARTS _cARTS _bsan |
||
| 041 |
_2san _asan |
||
| 082 | _aR625xK30:1, 15L4 | ||
| 100 | _aजगदीश | ||
| 245 | 0 | _aतर्कामृतम् | |
| 246 | _aTarkāmṛutam | ||
| 260 | _c1974 | ||
| 942 |
_hR625xK30:1, 15L4 _cTEXL _2CC |
||
| 999 |
_c305010 _d305010 |
||